| 000 | 01161cam a2200313 i 4500 | ||
|---|---|---|---|
| 001 | 13944055 | ||
| 003 | EG-ScBUE | ||
| 005 | 20240320104806.0 | ||
| 008 | 050427r20082005e d f b 001 0 eng d | ||
| 020 | _a0521616336 (pbk.) | ||
| 020 | _a9780521616331 | ||
| 040 |
_aDLC _beng _erda _cDLC _dDLC _dEG-ScBUE |
||
| 082 | 0 | 4 |
_a940.309 _222 _bWIN |
| 100 | 1 |
_aWinter, J. M., _eauthor. _937436 |
|
| 245 | 1 | 4 |
_aThe great war in history : _bdebates and controversies, 1914 to the present / _cJay Winter and Antoine Prost. |
| 250 | _aFourth printing. | ||
| 264 | 1 |
_aCambridge, United Kingdom ; _aNew York, United States : _bCambridge University Press, _c2008. |
|
| 300 |
_aviii, 250 pages : _bcharts ; _c24 cm. |
||
| 336 |
_2rdacontent _atext _btxt |
||
| 337 |
_aunmediated _2rdamedia _bn |
||
| 338 |
_avolume _bnc _2rdacarrier |
||
| 490 | 0 | _aStudies in the social and cultural history of modern warfare | |
| 504 | _aIncludes bibliographical references and index. | ||
| 650 | 7 |
_aWorld War, 1914-1918 _xHistoriography. _2BUEsh _937437 |
|
| 653 |
_bBUSBOL _cFebruary2015 |
||
| 655 | _vReading book | ||
| 700 | 1 |
_aProst, Antoine, _d1933- _eauthor. _937438 |
|
| 942 |
_2ddc _cBB |
||
| 999 |
_c18990 _d18962 |
||